[Event "EU-chT Seniors 12th"]
[Site "Dresden"]
[Date "2010.02.17"]
[Round "8"]
[White "Joeger, E."]
[Black "Poulsen, Helge"]
[Result "1/2-1/2"]
[WhiteElo "1996"]
[BlackElo "1891"]
[PlyCount "30"]
[EventDate "2010.02.10"]
[EventType "team-swiss"]
[EventRounds "9"]
[EventCountry "GER"]
[SourceTitle "CBM 134 Extra"]
[Source "ChessBase"]
[SourceDate "2010.03.03"]
[SourceVersion "1"]
[SourceVersionDate "2010.03.03"]
[SourceQuality "1"]
[WhiteTeam "Rheno Palatinat (Seniors)"]
[BlackTeam "Denmark (Seniors) II"]
[WhiteTeamCountry "GER"]
[BlackTeamCountry "DEN"]

1. d4 e6 2. c4 Bb4+ 3. Bd2 Qe7 4. a3 Bxd2+ 5. Nxd2 b6 6. Ngf3 Bb7 7. e3 Nf6 8. Be2 0-0 9. 0-0 d6 10. Rc1 Nbd7 11. b4 c5 12. Qb3 Ne4 13. Nxe4 Bxe4 14. Nd2 Bb7 15. f4 Nf6 1/2-1/2